Innovation diffusion as a spatial process

Salvato in:
Dettagli Bibliografici
Autore principale: Hägerstrand, Torsten
Natura: Libro
Lingua:inglese
Pubblicazione: Chicago <The> University of Chicago Press 1967
Tags: Aggiungi Tag
Nessun Tag, puoi essere il primo ad aggiungerne!!

MARC

LEADER 00000nam$a2200000$$$4500
001 0053551
005 20221205071724.2
041 0 |a eng 
245 1 0 |a Innovation diffusion as a spatial process  |c Torsten Hägerstrand 
264 1 |a Chicago  |b <The> University of Chicago Press  |c 1967 
300 |a 334 s. 
100 1 |a Hägerstrand, Torsten